000 00365nam a2200157Ia 4500
999 _c1041
_d1041
003 OSt
005 20190915165231.0
008 190722s9999 xx 000 0 und d
020 _a978-0073511290
040 _cmaju
100 _aPaul A Samuelson
245 0 _aEconomics
260 _aNew Delhi
_bNew Age International
_c2015
300 _a250
942 _cBK
_2ddc